000 00669nam a2200253Ia 4500
003 OSt
005 20220928114842.0
006 a|||||r|||| 00| 0
007 ta
008 220927b |||||||| |||| 00| 0 eng d
024 _a44833
037 _cTextual
040 _aSDCL
_cSDCL
_beng
041 _2eng
_aeng
082 _aR14, M0
100 _aBoolos George
_9441334
245 0 _aComputability and logic.
250 _a2
260 _aCambridge
_bCambridge University Press
_c1980
300 _ax,285p.
_ccm.
700 _a Jeffrey Richard
_9441335
942 _hR14, M0
_cTEXL
_2CC
999 _c756758
_d756758